000 00201nam a2200097Ia 4500
008 190216s9999||||xx |||||||||||||| ||und||
100 _aJayasree
245 0 _aMulkireedam
260 _bNull
942 _cBK
999 _c24419
_d24419